000 004330000a22001690004500
003 LK-CoMWRAF
005 20230925145646.0
008 230817t ||||| |||| 00| 0 eng d
020 _a8172314000
040 _aLK-CoMWRAF
_dLK-CoMWRAF
_eLK-CoMWRAF
041 _aeng
082 _a297.211
_bNIN
245 _aNinety-nine names of Allah :
_b(The Almighty)
260 _aNew Delhi :
_bAbdul Naeem,
_c2004
650 _aIslam
942 _cBK
999 _c882
_d882